书目信息 |
| 题名: |
硼化合物生产与应用
|
|
| 作者: | 郑学家 主编 | |
| 分册: | ||
| 出版信息: | 北京 化学工业出版社 2014.10 |
|
| 页数: | 457页 | |
| 开本: | 25cm | |
| 丛书名: | ||
| 单 册: | ||
| 中图分类: | TQ128 | |
| 科图分类: | ||
| 主题词: | 硼化合物--应用 , 硼化合物--生产工艺 , 硼化合物 | |
| 电子资源: | ||
| ISBN: | 978-7-122-20975-7 | |
| 000 | 00984nam0 2200277 450 | |
| 001 | 0120141405446 | |
| 005 | 20170418151426.85 | |
| 010 | @a978-7-122-20975-7@b精装@dCNY98.00 | |
| 100 | @a20141015d2014 em y0chiy0110 ea | |
| 101 | 0 | @achi |
| 102 | @aCN@b110000 | |
| 105 | @aak z 000yy | |
| 106 | @ar | |
| 200 | 1 | @a硼化合物生产与应用@9peng hua he wu sheng chan yu ying yong@f郑学家主编 |
| 205 | @a2版 | |
| 210 | @a北京@c化学工业出版社@d2014.10 | |
| 215 | @a457页@c图@d25cm | |
| 330 | @a本书从含硼原料的分布、硼矿的开采及预处理、硼砂生产、硼酸生产、硼肥生产,到硼精细化学品的生产以及硼泥综合利用和硼化合物在各领域的应用。 | |
| 333 | @a本书适合从事硼化合物研究、生产的技术人员参考,对硼化合物经销人员或需要应用硼化合物的相关行业,亦有一定借鉴作用 | |
| 606 | 0 | @a硼化合物@x应用 |
| 606 | 0 | @a硼化合物@x生产工艺 |
| 606 | 0 | @a硼化合物 |
| 690 | @aTQ128@v5 | |
| 701 | 0 | @a郑学家@9zheng xue jia@4主编 |
| 801 | 0 | @aCN@b人天书店@c20141015 |
| 905 | @b986065-67@dTQ128@e11=2@f3 | |
| 硼化合物生产与应用/郑学家主编.-2版.-北京:化学工业出版社,2014.10 |
| 457页:图;25cm |
| 使用对象:本书适合从事硼化合物研究、生产的技术人员参考,对硼化合物经销人员或需要应用硼化合物的相关行业,亦有一定借鉴作用 |
| ISBN 978-7-122-20975-7(精装):CNY98.00 |
| 本书从含硼原料的分布、硼矿的开采及预处理、硼砂生产、硼酸生产、硼肥生产,到硼精细化学品的生产以及硼泥综合利用和硼化合物在各领域的应用。 |
| ● |
| 相关链接 |
|
|
|
|
正题名:硼化合物生产与应用
索取号:TQ128/11=2
 
预约/预借
| 序号 | 登录号 | 条形码 | 馆藏地/架位号 | 状态 | 备注 |
| 1 | 986065 | 209860658 | 第二样本阅览室/ [索取号:TQ128/11=2] | 在馆 | |
| 2 | 986066 | 209860667 | 密集书库-化学系/ [索取号:TQ128/11=2] | 在馆 | |
| 3 | 986067 | 209860676 | 第三借阅区/ [索取号:TQ128/11=2] | 在馆 |